| 000 | 00394nam a2200169Ia 4500 | ||
|---|---|---|---|
| 008 | 230516s9999 xx 000 0 und d | ||
| 041 | _aeng | ||
| 082 |
_a615.4 _bNAN |
||
| 100 | _aNAND KHAR | ||
| 245 | _aPHARMACEUTICAL DISPENSING | ||
| 260 |
_aDELHI _bC.B.S. PUBLISHERS & DISTRUTORS _c1995 |
||
| 300 | _a200 | ||
| 365 | _h15 | ||
| 500 | _aPB | ||
| 520 | _aPH | ||
| 650 | _aPHARMACEUTICS | ||
| 999 |
_c362546 _d362546 |
||